000 01104cam a22002535a 4500
001 17382153
005 20180227151209.0
008 120711t2013 enka frb 001 0 eng d
020 _a9780195373851
040 _aDLC
_cDLC
_dDLC
_dEG-ScBUE
_beng
043 _an-us---
082 0 4 _222
_a320.473
_bVAL
100 1 _aValelly, Richard M.
245 1 0 _aAmerican politics :
_ba very short introduction /
_cRichard M. Valelly.
260 _aOxford ;
_aNew York :
_bOxford University Press,
_cc.2013.
300 _axv, 136 p. :
_bill. ;
_c18 cm.
490 0 _aVery short introductions ;
_v350
504 _aIncludes bibliographical references and index.
505 0 _aElements of American democracy -- The presidency -- Congress and its bicameralism -- The legislative-executive process -- The Supreme Court -- Bureaucracy -- Public opinion and its influence -- Political parties and democratic choice -- The partisan revival -- Politics in the new gilded age.
650 _2BUEsh
651 7 _aUnited States
_xPolitics and government.
_2BUEsh
_940379
653 _bGGEN
_bBUSBOL
_cFebruary2018
942 _2ddc
999 _c26191
_d26163